Statistiques concernant Départements français n°6

Cliquez ici pour prendre le quiz!

Statistiques générales

  • Ce quiz a été pris 102 fois
  • Le résultat moyen est 13 sur 15

Statistiques - réponses

NumérosDépartements% Correct
971Guadeloupe
99%
06Alpes-Maritimes
98%
33Gironde
98%
974La Réunion
98%
972Martinique
96%
83Var
94%
973Guyane
91%
61Orne
90%
26Drôme
88%
51Marne
88%
22Côtes d'Armor
87%
63Puy-de-Dôme
85%
12Aveyron
83%
41Loir-et-Cher
77%
975Saint-Pierre-et-Miquelon
41%

Distribution des résultats

Percentile par nombre de réponses

% des personnes avec chaque résultat

Votre développement - résultats

Vous n’avez pas pris ce quiz